| 000 | 00723nam a2200181Ia 4500 | ||
|---|---|---|---|
| 008 | 100920s9999 xx 000 0 und d | ||
| 082 |
_b13697 _a891.43 थ 62 |
||
| 100 | _aअग्रवाल धीरेन्द्र. | ||
| 245 | _aकीटाणु अेैर सामान्य रोग. | ||
| 260 |
_bआत्माराम एंड सन्स, काश्मीरी गेट, दिल्ली. _c1962 |
||
| 300 |
_a104 _bसाधी |
||
| 365 | _b2 | ||
| 520 | _aहिंदी. | ||
| 630 | _aकीटाणु अेैर सामान्य रोग. | ||
| 650 | _aहिंदी. | ||
| 730 | _aकीटाणु अेैर सामान्य रोग. | ||
| 942 | _cBOOK | ||
| 999 |
_c678057 _d678054 |
||